Random Knowledge Quiz #66 - Statistics

General Stats
  • This quiz has been taken 222 times
  • The average score is 10 of 20
Answer Stats
Question Answer % Correct
What chess piece makes an L-shaped move? The knight
89%
What keeps the Earth's atmosphere from leaving the planet? Gravity
79%
What was the name of the political scandal that resulted in the resignation of Richard Nixon in 1974? Watergate
79%
The nilometer measures the water level and clarity of which river? Nile
73%
What is the name of the clown in It? Pennywise
73%
What is a Canis Lupus? Gray wolf
68%
The longest bridge in the world can be found in what country? China
66%
What country is home to Volvo? Sweden
63%
Where are you calling if your start the phone number with +44? United Kingdom
61%
Which dessert has a custard base and a burnt caramelized top? Crème Brûlée
60%
What do whales feed their new-born young? Milk
60%
Who narrates the original Planet Earth documentaries? David Attenborough
52%
Which politician has been parodied on Saturday Night Live by both Amy Poehler and Kate McKinnon? Hillary Clinton
52%
What two-word Latin phrase means "the reverse order"? Vice versa
33%
Who are AJ McLean, Howie Dorough, Nick Carter, Kevin Richardson, and Brian Littrell? Backstreet Boys
32%
What is the other name for the card game Patience? Solitaire
31%
Fill in these lyrics: __________ / This is how we do it down in Puerto Rico / I just wanna hear you screaming, "¡Ay, bendito!" Despacito
30%
At the end of "The Da Vinci Code", the Holy Grail is revealed to be buried at what popular spot? The pyramid in the Louvre
25%
If translated to English, what song starts with "Here comes a lion, father, Oh yes it's a lion" ? Circle of Life (from Lion King)
12%
The name of what country means 'laughter' in Finnish? Nauru
8%
No matching quizzes found
Score Distribution
Percent of People with Each Score
Percentile by Number Answered
Your Score History
You have not taken this quiz